ਨਾਵਾਂ ਤੇ ਥਾਵਾਂ ਦਾ ਕੋਸ਼ (Record no. 1431722)

MARC details
000 -LEADER
fixed length control field 00851nam a22002297a 4500
005 - DATE AND TIME OF LATEST TRANSACTION
control field 20250613153024.0
008 - FIXED-LENGTH DATA ELEMENTS--GENERAL INFORMATION
fixed length control field 250613b |||||||| |||| 00| 0 eng d
020 ## - INTERNATIONAL STANDARD BOOK NUMBER
International Standard Book Number 81-7205-025-9 (hbk)
037 ## - SOURCE OF ACQUISITION
Terms of availability RR
040 ## - CATALOGING SOURCE
Original cataloging agency CRL
Transcribing agency CRL
041 ## - LANGUAGE CODE
Source of code pun
Language code of text/sound track or separate title pun
084 ## - COLON CLASSIFICATION NUMBER
Classification number Q8441:21k 153Q7
Assigning agency CRL
245 ## - TITLE STATEMENT
Title ਨਾਵਾਂ ਤੇ ਥਾਵਾਂ ਦਾ ਕੋਸ਼
Remainder of title ; complied by ਮਹਤਾਬ ਸਿੰਘ
260 ## - PUBLICATION, DISTRIBUTION, ETC.
Place of publication, distribution, etc. ਅੰਮ੍ਰਿਤਸਰ, ਭਾਰਤ:
Name of publisher, distributor, etc. ਸਿੰਘ ਬ੍ਰਦਰਜ਼,
Date of publication, distribution, etc. 2017.
300 ## - PHYSICAL DESCRIPTION
Extent 176 ਪ.
365 ## - TRADE PRICE
Price amount 150.00
Currency code INR
650 ## - SUBJECT ADDED ENTRY--TOPICAL TERM
Topical term or geographic name entry element ਸਿੱਖ ਧਰਮ
650 ## - SUBJECT ADDED ENTRY--TOPICAL TERM
Topical term or geographic name entry element ਕੋਸ਼
700 ## - ADDED ENTRY--PERSONAL NAME
Personal name ਸਿੰਘ, ਮਹਤਾਬ
Relator term compiler
9 (RLIN) 812854
942 ## - ADDED ENTRY ELEMENTS (KOHA)
Source of classification or shelving scheme Colon Classification (CC)
Koha item type Textbook
Classification part Q8441:21k 153Q7
Suppress in OPAC No
Holdings
Withdrawn status Lost status Source of classification or shelving scheme Damaged status Not for loan Home library Current library Date acquired Source of acquisition Cost, normal purchase price Inventory number Total Checkouts Full call number Barcode Date last seen Price effective from Koha item type
    Colon Classification (CC)     Central Library Central Library 2025-06-13 H.K. Prakashan 150.00 1713 & 10/02/2025   Q8441:21k 153Q7 CL1923021 2025-06-13 2025-06-13 Textbook
Copyright @ Delhi University Library System